Statistics for Countries With The Lowest Fertility Rate - With Exceptions

Click here to take the quiz!

General Stats

  • This quiz has been taken 30 times
  • The average score is 17 of 25

Answer Stats

RateCountry% Correct
1.34Japan
96%
0.84South Korea
96%
1.10Singapore
88%
1.70United States
88%
1.57Australia
84%
1.40Canada
84%
1.59Chile
80%
1.70China
80%
1.59Cuba
76%
1.37United Arab Emirates
76%
1.76Armenia
72%
1.73Bahamas
64%
1.31Cyprus
64%
1.83Qatar
64%
1.50Thailand
64%
1.64Azerbaijan
60%
1.62Barbados
60%
1.41Saint Lucia
60%
1.72Costa Rica
56%
1.69Brazil
52%
1.70Trinidad and Tobago
52%
1.85Saint Vincent and the Grenadines
48%
1.80Brunei
44%
1.44Mauritius
44%
1.77Colombia
40%

Score Distribution

Percentile by Number Answered

Percent of People with Each Score

Your Score History

You have not taken this quiz